|
|
|
|
| LEADER |
00000cam a2200000 7i4500 |
| 001 |
0000003410 |
| 005 |
20160330.0 |
| 008 |
070718 |
| 020 |
|
|
|a 0064410129
|
| 090 |
0 |
0 |
|a SNI
|b ENG
|
| 100 |
0 |
|
|a Snicket, Lemony
|
| 245 |
1 |
4 |
|a The carnivorous carnival
|c Lemony Snicket
|
| 260 |
|
|
|a New York :
|b HarperCollins Publishers ,
|c 2002
|
| 440 |
|
2 |
|a A series of unfortunate events
|
| 500 |
|
|
|a Teenager ages 13-18 years old (blue)
|
| 650 |
|
0 |
|a English
|x Fiction
|
| 999 |
|
|
|a 0000961763
|b Book
|c Teenagers
|e Cawangan Batu Pahat
|
| 999 |
|
|
|a 0000961764
|b Book
|c Teenagers
|e Cawangan Taman Sri Lambak
|
| 999 |
|
|
|a 0000961765
|b Book
|c Teenagers
|e Cawangan Kota Tinggi
|